[Event "BL2-Sued 2122"]
[Site "Germany"]
[Date "2022.06.19"]
[Round "8.2"]
[White "Horvath, Adam"]
[Black "Balcerak, Jakob"]
[Result "1-0"]
[WhiteElo "2518"]
[BlackElo "2478"]
[PlyCount "57"]
[EventDate "2022.03.05"]
[EventType "team-tourn"]
[EventRounds "10"]
[EventCountry "GER"]
[SourceTitle "EXT 2023"]
[Source "ChessBase"]
[SourceDate "2022.10.05"]
[SourceVersion "1"]
[SourceVersionDate "2022.10.05"]
[SourceQuality "1"]
[WhiteTeam "Speyer Schwegenheim"]
[BlackTeam "Schott Mainz"]
[WhiteTeamCountry "GER"]
[BlackTeamCountry "GER"]

1. e4 c5 2. Nf3 d6 3. d4 cxd4 4. Nxd4 Nf6 5. Nc3 a6 6. Be3 e5 7. Nb3 Be6 8. f3 h5 9. Qd2 Nbd7 10. Nd5 Bxd5 11. exd5 Qc7 12. c4 a5 13. Rc1 a4 14. Na1 g6 15. Be2 Bg7 16. 0-0 0-0 17. Nc2 Nc5 18. Na3 Qe7 19. Nb5 Nfd7 20. Rb1 f5 21. b4 axb3 22. axb3 Na6 23. b4 Rac8 24. Na7 Ra8 25. c5 dxc5 26. Bxa6 bxa6 27. Nc6 Qd6 28. bxc5 Nxc5 29. Qb4 1-0

[Event "BL2-Sued 2122"]
[Site "Germany"]
[Date "2022.04.30"]
[Round "3.3"]
[White "Neyman, Igor"]
[Black "Balcerak, Jakob"]
[Result "1/2-1/2"]
[WhiteElo "2336"]
[BlackElo "2478"]
[PlyCount "116"]
[EventDate "2022.03.05"]
[EventType "team-tourn"]
[EventRounds "10"]
[EventCountry "GER"]
[SourceTitle "EXT 2023"]
[Source "ChessBase"]
[SourceDate "2022.10.05"]
[SourceVersion "1"]
[SourceVersionDate "2022.10.05"]
[SourceQuality "1"]
[WhiteTeam "Stuttgart"]
[BlackTeam "Schott Mainz"]
[WhiteTeamCountry "GER"]
[BlackTeamCountry "GER"]

1. d4 d5 2. c4 c6 3. Nc3 Nf6 4. Nf3 dxc4 5. a4 Bf5 6. e3 e6 7. Bxc4 Bb4 8. 0-0 Nbd7 9. Qe2 0-0 10. e4 Bg6 11. e5 Nd5 12. Nxd5 cxd5 13. Bd3 Nb8 14. Bd2 Nc6 15. Bxg6 fxg6 16. Bxb4 Nxb4 17. Rfc1 Qe7 18. Rc3 g5 19. h3 Nc6 20. Qd2 Rf5 21. Ne1 Raf8 22. Rf3 a5 23. Rxf5 Rxf5 24. Nc2 Rf4 25. Ra3 h6 26. g3 Rf8 27. Kg2 Qf7 28. Qe2 Qg6 29. Rb3 Rc8 30. Rc3 Rc7 31. Qe3 g4 32. hxg4 Qxg4 33. Na3 Rf7 34. Nb5 Ne7 35. f3 Qg6 36. Nd6 Nf5 37. Nxf5 Qxf5 38. Qd3 Qxd3 39. Rxd3 Rc7 40. Rb3 Rc4 41. Rxb7 Rxa4 42. Re7 Rxd4 43. Rxe6 Rd2+ 44. Kh3 Rxb2 45. Kg4 d4 46. Rd6 Rb5 47. Kf5 a4 48. Ra6 d3 49. Rxa4 Rd5 50. Ra1 d2 51. Rd1 Rd4 52. e6 Kf8 53. Ke5 Rd3 54. Ke4 Rd6 55. Ke3 Ke7 56. Rxd2 Rxd2 57. Kxd2 Kxe6 58. g4 Ke5 1/2-1/2

[Event "BL2-West 1920"]
[Site "Germany"]
[Date "2020.01.19"]
[Round "5.3"]
[White "Balcerak, Jakob"]
[Black "Suvorov, Alexander David"]
[Result "1/2-1/2"]
[WhiteElo "2478"]
[BlackElo "2267"]
[PlyCount "71"]
[EventDate "2019.09.19"]
[EventType "team-tourn"]
[EventRounds "9"]
[EventCountry "GER"]
[SourceTitle "EXT 2023"]
[Source "ChessBase"]
[SourceDate "2022.10.05"]
[SourceVersion "1"]
[SourceVersionDate "2022.10.05"]
[SourceQuality "1"]
[WhiteTeam "Schott Mainz"]
[BlackTeam "Koeln Porz"]
[WhiteTeamCountry "GER"]
[BlackTeamCountry "GER"]

1. d4 Nf6 2. c4 e6 3. Nf3 d5 4. Nc3 a6 5. cxd5 exd5 6. Bg5 Be6 7. e3 Nbd7 8. Bd3 Bd6 9. 0-0 0-0 10. Qc2 h6 11. Bf4 Qe7 12. h3 c5 13. Bxd6 Qxd6 14. dxc5 Nxc5 15. Rfd1 Rac8 16. Rac1 b5 17. Nd4 Qb6 18. Nce2 Nce4 19. Qb3 Nc5 20. Qb4 Nxd3 21. Rxd3 Ne4 22. Rdd1 Rc4 23. Qe1 Rfc8 24. f3 Nf6 25. b3 R4c7 26. Rxc7 Rxc7 27. Rc1 Bd7 28. Rxc7 Qxc7 29. Qc1 Qd6 30. Nf4 Ne8 31. Nd3 Bxh3 32. gxh3 Qg6+ 33. Kf2 Qxd3 34. Qc8 Qd2+ 35. Ne2 Kf8 36. Qc5+ 1/2-1/2

[Event "BL2-West 1819"]
[Site "Germany"]
[Date "2019.01.20"]
[Round "5.2"]
[White "Sulskis, Sarunas"]
[Black "Balcerak, Jakob"]
[Result "1/2-1/2"]
[WhiteElo "2529"]
[BlackElo "2473"]
[PlyCount "120"]
[EventDate "2018.11.21"]
[EventType "team-tourn"]
[EventRounds "9"]
[EventCountry "GER"]
[SourceTitle "CBM 190 Extra"]
[Source "ChessBase"]
[SourceDate "2019.07.15"]
[SourceVersion "1"]
[SourceVersionDate "2019.07.15"]
[SourceQuality "1"]
[WhiteTeam "Koblenz"]
[BlackTeam "Mainz Schott"]
[WhiteTeamCountry "GER"]
[BlackTeamCountry "GER"]

1. d4 d5 2. c4 c6 3. cxd5 cxd5 4. Bg5 Nc6 5. Nc3 f6 6. e4 dxe4 7. Be3 e6 8. Nxe4 Qa5+ 9. Nc3 Bb4 10. Nf3 Nge7 11. Bd2 Qd8 12. Bc4 Nxd4 13. Nxd4 Qxd4 14. Qh5+ g6 15. Qe2 Nc6 16. 0-0-0 Qe5 17. Qd3 Qd4 18. Qxd4 Nxd4 19. Ne4 Be7 20. Bc3 e5 21. Bxd4 exd4 22. Rxd4 Bf5 23. Re1 Kf8 24. Nd6 Bxd6 25. Rxd6 Rc8 26. Kd2 Rc7 27. Rd4 h5 28. h3 h4 29. Re3 Kg7 30. Bd3 Bxd3 31. Rexd3 Re7 32. Re3 Rc7 33. Ree4 Rhc8 34. Kd3 g5 35. f4 Rc2 36. fxg5 Rxg2 37. Re7+ Kg6 38. gxf6 Kxf6 39. Rxb7 Rcc2 40. Ke4 Rce2+ 41. Kd5 Rxb2 42. Rxb2 Rxb2 43. Ra4 Rd2+ 44. Ke4 Rh2 45. Ra6+ Kg5 46. Ra3 Rh1 47. Ra5+ Kg6 48. Ra3 Kg5 49. Rc3 Re1+ 50. Kf3 Rg1 51. Kf2 Rg3 52. Rxg3+ hxg3+ 53. Kxg3 a5 54. a4 Kh5 55. Kf4 Kh4 56. Ke4 Kxh3 57. Kd5 Kg4 58. Kc6 Kf5 59. Kb6 Ke6 60. Kxa5 Kd7 1/2-1/2

[Event "BL2-West 1819"]
[Site "Germany"]
[Date "2018.12.16"]
[Round "4.2"]
[White "Balcerak, Jakob"]
[Black "Zatonskih, Anna"]
[Result "1/2-1/2"]
[WhiteElo "2473"]
[BlackElo "2427"]
[PlyCount "73"]
[EventDate "2018.11.21"]
[EventType "team-tourn"]
[EventRounds "9"]
[EventCountry "GER"]
[SourceTitle "CBM 190 Extra"]
[Source "ChessBase"]
[SourceDate "2019.07.15"]
[SourceVersion "1"]
[SourceVersionDate "2019.07.15"]
[SourceQuality "1"]
[WhiteTeam "Mainz Schott"]
[BlackTeam "Bochum SV"]
[WhiteTeamCountry "GER"]
[BlackTeamCountry "GER"]

1. d4 d5 2. c4 e6 3. Nf3 Nf6 4. Nc3 Be7 5. Bf4 0-0 6. e3 b6 7. Be2 dxc4 8. Bxc4 Bb7 9. 0-0 a6 10. Qe2 b5 11. Bb3 Nbd7 12. Rfd1 c5 13. dxc5 Qe8 14. Bc2 Nxc5 15. Rd4 Qc6 16. Rad1 Rfd8 17. Bg5 h6 18. Bh4 Rac8 19. e4 Rxd4 20. Nxd4 Qc7 21. e5 Nd5 22. Nxd5 Bxd5 23. Bxe7 Qxe7 24. Nf5 exf5 25. Rxd5 Ne6 26. g3 Qb7 27. Rd1 g6 28. Bb3 Qe7 29. Qe3 Rd8 30. Qxh6 Rxd1+ 31. Bxd1 Qb4 32. Qe3 Qxb2 33. Bb3 Nd4 34. e6 Nxe6 35. Bxe6 fxe6 36. Qxe6+ Kg7 37. Qxa6 1/2-1/2

[Event "BL2-West 1718"]
[Site "Germany"]
[Date "2018.03.18"]
[Round "8.4"]
[White "Balcerak, Jakob"]
[Black "Gupta, Milon"]
[Result "1-0"]
[WhiteElo "2455"]
[BlackElo "2197"]
[PlyCount "117"]
[EventDate "2017.10.08"]
[EventType "team-tourn"]
[EventRounds "9"]
[EventCountry "GER"]
[SourceTitle "CBM 183 Extra"]
[Source "ChessBase"]
[SourceDate "2018.04.19"]
[SourceVersion "1"]
[SourceVersionDate "2018.04.19"]
[SourceQuality "1"]
[WhiteTeam "Schott Mainz"]
[BlackTeam "Solingen"]
[WhiteTeamCountry "GER"]
[BlackTeamCountry "GER"]

1. d4 d5 2. c4 e6 3. Nf3 Nf6 4. Nc3 Be7 5. Bf4 0-0 6. e3 b6 7. Bd3 dxc4 8. Bxc4 Ba6 9. Bxa6 Nxa6 10. 0-0 c5 11. Rc1 cxd4 12. Nxd4 Qd7 13. Qf3 Rfc8 14. Rfd1 Qe8 15. a3 Nc5 16. b4 Na4 17. Nxa4 Qxa4 18. Qb7 Bf8 19. Nc6 Ne8 20. Nb8 Rxc1 21. Rxc1 Qxa3 22. Rf1 Rxb8 23. Bxb8 Qxb4 24. Bxa7 b5 25. Bd4 Nd6 26. Qa8 Nf5 27. Qa1 Nxd4 28. Qxd4 Qxd4 29. exd4 h5 30. Rb1 b4 31. Kf1 g6 32. Ke2 Kg7 33. Kd3 Kf6 34. Ra1 Bd6 35. h3 Kf5 36. Ra6 Bf8 37. Ra7 Kf6 38. Ke4 g5 39. g4 hxg4 40. hxg4 Bd6 41. Rb7 Kg7 42. f3 Kf8 43. d5 exd5+ 44. Kxd5 Bf4 45. Rxb4 Bd2 46. Rb6 Kg7 47. Ra6 Bc1 48. Ke4 Bf4 49. Kf5 Bd2 50. Ra1 Bf4 51. Rh1 Bd2 52. Rh5 Be3 53. Rxg5+ Bxg5 54. Kxg5 f6+ 55. Kf5 Kf7 56. f4 Ke7 57. Kg6 Ke6 58. f5+ Ke5 59. Kg7 1-0

[Event "BL2-West 1718"]
[Site "Germany"]
[Date "2018.02.25"]
[Round "7.3"]
[White "Balcerak, Jakob"]
[Black "Wacker, Peter"]
[Result "1-0"]
[WhiteElo "2455"]
[BlackElo "2323"]
[PlyCount "60"]
[EventDate "2017.10.08"]
[EventType "team-tourn"]
[EventRounds "9"]
[EventCountry "GER"]
[SourceTitle "CBM 183 Extra"]
[Source "ChessBase"]
[SourceDate "2018.04.19"]
[SourceVersion "1"]
[SourceVersionDate "2018.04.19"]
[SourceQuality "1"]
[WhiteTeam "Schott Mainz"]
[BlackTeam "Koeln SF"]
[WhiteTeamCountry "GER"]
[BlackTeamCountry "GER"]

1. d4 d5 2. c4 e6 3. Nf3 Nf6 4. g3 Bb4+ 5. Bd2 Bd6 6. Bg2 0-0 7. 0-0 c6 8. Qc2 Ne4 9. Nc3 f5 10. c5 Bc7 11. Bf4 Bxf4 12. gxf4 Nd7 13. e3 Ndf6 14. Ne2 Qe7 15. Ne5 Nd7 16. b4 Nef6 17. Rab1 Nxe5 18. dxe5 Ne8 19. b5 cxb5 20. Rxb5 Nc7 21. Rb2 Na6 22. Rc1 Nb8 23. Nd4 a6 24. Rb6 Re8 25. Qb3 Kh8 26. Kh1 Qc7 27. Rd6 Bd7 28. Qb1 Qxc5 29. Qxb7 Qa7 30. Qxa7 Rxa7 1-0

[Event "BL2-Sued 1617"]
[Site "Germany"]
[Date "2017.03.19"]
[Round "7.5"]
[White "Beikert, Guenther"]
[Black "Balcerak, Jakob"]
[Result "1/2-1/2"]
[WhiteElo "2403"]
[BlackElo "2449"]
[PlyCount "81"]
[EventDate "2016.10.16"]
[EventType "team-tourn"]
[EventRounds "9"]
[EventCountry "GER"]
[SourceTitle "EXT 2018"]
[Source "ChessBase"]
[SourceDate "2017.10.13"]
[SourceVersion "1"]
[SourceVersionDate "2017.10.13"]
[SourceQuality "1"]
[WhiteTeam "Viernheim"]
[BlackTeam "Schott Mainz"]
[WhiteTeamCountry "GER"]
[BlackTeamCountry "GER"]

1. g3 d5 2. Nf3 Bg4 3. Bg2 Nd7 4. 0-0 c6 5. d3 Ngf6 6. Nbd2 e6 7. h3 Bh5 8. e4 Bc5 9. Qe1 0-0 10. Nb3 Bb6 11. a4 Nc5 12. Nxc5 Bxc5 13. b4 Be7 14. Bb2 a5 15. bxa5 dxe4 16. dxe4 Qxa5 17. Ne5 Bb4 18. Qe3 Bc5 19. Qb3 Qa7 20. Nd3 Be2 21. Nxc5 Bxf1 22. Rxf1 Qxc5 23. Ba3 Qa7 24. Bxf8 Kxf8 25. e5 Nd5 26. c4 Ne7 27. Rd1 Ke8 28. Qd3 g6 29. Qd7+ Kf8 30. Qc7 b6 31. Rd8+ Kg7 32. Rd7 Qxc7 33. Rxc7 Kf8 34. Bxc6 Nxc6 35. Rxc6 Rxa4 36. f4 Rb4 37. Kf2 Rb2+ 38. Ke3 Rb3+ 39. Kf2 h5 40. h4 b5 41. cxb5 1/2-1/2

[Event "BL2-Sued 1617"]
[Site "Germany"]
[Date "2016.12.04"]
[Round "3.3"]
[White "Balcerak, Jakob"]
[Black "Miezis, Normunds"]
[Result "0-1"]
[WhiteElo "2451"]
[BlackElo "2505"]
[PlyCount "84"]
[EventDate "2016.10.16"]
[EventType "team-tourn"]
[EventRounds "9"]
[EventCountry "GER"]
[SourceTitle "EXT 2018"]
[Source "ChessBase"]
[SourceDate "2017.10.13"]
[SourceVersion "1"]
[SourceVersionDate "2017.10.13"]
[SourceQuality "1"]
[WhiteTeam "Schott Mainz"]
[BlackTeam "Emmendingen"]
[WhiteTeamCountry "GER"]
[BlackTeamCountry "GER"]

1. d4 Nf6 2. c4 e6 3. Nf3 Bb4+ 4. Nbd2 d5 5. Qa4+ Nc6 6. a3 Bxd2+ 7. Bxd2 0-0 8. e3 Ne4 9. Rd1 Bd7 10. Qc2 a5 11. Bd3 f5 12. 0-0 Be8 13. cxd5 exd5 14. Ne5 Qe7 15. Bc1 Nxe5 16. dxe5 Qxe5 17. f3 Nd6 18. Qxc7 Ba4 19. Rde1 Rfc8 20. Qb6 Rc6 21. Qd4 Qxd4 22. exd4 Bb5 23. Bxb5 Nxb5 24. Re7 Nxd4 25. Rfe1 h6 26. Bf4 Rg6 27. Kf1 Rc8 28. Rxb7 Rc2 29. Be5 Nc6 30. Bg3 d4 31. b4 axb4 32. axb4 d3 33. Rd1 f4 34. Bxf4 Rgxg2 35. Re7 Rcf2+ 36. Ke1 Rb2 37. Kf1 Rbf2+ 38. Ke1 Ra2 39. Kf1 Raf2+ 40. Ke1 Re2+ 41. Kf1 Rxh2 42. Be3 Rh4 0-1

[Event "BL2-Sued 1617"]
[Site "Germany"]
[Date "2016.10.16"]
[Round "1.4"]
[White "Graf, Alexander"]
[Black "Balcerak, Jakob"]
[Result "1-0"]
[WhiteElo "2564"]
[BlackElo "2454"]
[PlyCount "97"]
[EventDate "2016.10.16"]
[EventType "team-tourn"]
[EventRounds "9"]
[EventCountry "GER"]
[SourceTitle "CBM 175 Extra"]
[Source "ChessBase"]
[SourceDate "2016.12.12"]
[SourceVersion "1"]
[SourceVersionDate "2016.12.12"]
[SourceQuality "1"]
[WhiteTeam "Deizisau"]
[BlackTeam "Schott Mainz"]
[WhiteTeamCountry "GER"]
[BlackTeamCountry "GER"]

1. Nf3 d5 2. c4 c6 3. e3 Nf6 4. Nc3 e6 5. b3 Nbd7 6. Bb2 Bd6 7. Qc2 0-0 8. Be2 Re8 9. h3 e5 10. cxd5 Nxd5 11. Ne4 Bf8 12. a3 N7f6 13. d3 Qc7 14. Ned2 b5 15. 0-0 a6 16. Rfc1 Bb7 17. d4 e4 18. Ne5 c5 19. a4 Nb4 20. Qd1 Qb6 21. Qf1 bxa4 22. Rxa4 cxd4 23. Bxd4 Qe6 24. Ndc4 Nc6 25. Nxc6 Bxc6 26. Ra5 Bb5 27. Nb6 Bxe2 28. Qxe2 Rab8 29. Rxa6 Qxb3 30. Nc4 Be7 31. Ne5 Qb5 32. Qa2 Qd5 33. Qa1 Ra8 34. Nc6 Rxa6 35. Qxa6 Bd8 36. Rc5 Qd7 37. Qb5 Re6 38. Nxd8 Qxd8 39. Bxf6 gxf6 40. Rd5 Qc8 41. Qb1 Qf8 42. Qd1 Kh8 43. Qg4 Qc8 44. Qf4 Qe8 45. Rf5 Kg7 46. Rh5 Kh8 47. Rh6 Kg7 48. Rh4 Kh8 49. Qh6 1-0

[Event "BL2-Sued 1516"]
[Site "Germany"]
[Date "2016.02.21"]
[Round "7.4"]
[White "Abergel, Thal"]
[Black "Balcerak, Jakob"]
[Result "1-0"]
[WhiteElo "2452"]
[BlackElo "2445"]
[PlyCount "85"]
[EventDate "2015.09.20"]
[EventType "team-tourn"]
[EventRounds "9"]
[EventCountry "GER"]
[SourceTitle "EXT 2017"]
[Source "ChessBase"]
[SourceDate "2016.10.25"]
[SourceVersion "1"]
[SourceVersionDate "2016.10.25"]
[SourceQuality "1"]
[WhiteTeam "Viernheim"]
[BlackTeam "Schott Mainz"]
[WhiteTeamCountry "GER"]
[BlackTeamCountry "GER"]

1. e4 c5 2. Nc3 d6 3. Nge2 Nf6 4. g3 Nc6 5. Bg2 g6 6. d3 Bg7 7. 0-0 0-0 8. h3 Rb8 9. f4 Nd7 10. g4 b5 11. Ng3 Nd4 12. f5 Bb7 13. Nce2 Nxe2+ 14. Qxe2 e6 15. c3 Re8 16. Bf4 Qb6 17. Kh2 Rbd8 18. Bg5 f6 19. Be3 d5 20. Qf2 exf5 21. exf5 g5 22. d4 c4 23. Bd2 Re7 24. Rae1 Rde8 25. Nh5 Qd6+ 26. Kh1 Bf8 27. Be3 Kf7 28. Qd2 h6 29. a3 Nb6 30. h4 Re4 31. hxg5 hxg5 32. Bxe4 dxe4 33. Rf2 Nd5 34. Rh2 Qb8 35. Rh3 Bd6 36. Kg1 Rh8 37. Rf1 Rg8 38. Qg2 Nf4 39. Nxf4 gxf4 40. Rh7+ Rg7 41. Qh2 fxe3 42. Qh5+ Kf8 43. Qh6 1-0

[Event "BL2-Sued 1516"]
[Site "Germany"]
[Date "2016.01.17"]
[Round "5.4"]
[White "Lang, Torsten"]
[Black "Balcerak, Jakob"]
[Result "0-1"]
[WhiteElo "2304"]
[BlackElo "2445"]
[PlyCount "116"]
[EventDate "2015.09.20"]
[EventType "team-tourn"]
[EventRounds "9"]
[EventCountry "GER"]
[SourceTitle "EXT 2017"]
[Source "ChessBase"]
[SourceDate "2016.10.25"]
[SourceVersion "1"]
[SourceVersionDate "2016.10.25"]
[SourceQuality "1"]
[WhiteTeam "Landau"]
[BlackTeam "Schott Mainz"]
[WhiteTeamCountry "GER"]
[BlackTeamCountry "GER"]

1. d4 d5 2. Bf4 Nf6 3. e3 c5 4. c3 Nc6 5. Nd2 Bf5 6. Ngf3 Qb6 7. Qb3 c4 8. Qxb6 axb6 9. a3 b5 10. Rc1 h6 11. Be2 e6 12. Ne5 Nxe5 13. Bxe5 Nd7 14. Bg3 Nb6 15. Bd1 Na4 16. Bxa4 bxa4 17. Nf3 f6 18. 0-0 Ra6 19. Rfe1 Kd7 20. Re2 Be7 21. Ne1 Rb6 22. f3 Ra8 23. e4 Bh7 24. Rcc2 g5 25. Bf2 h5 26. h3 Rg8 27. g4 Bg6 28. Rcd2 Bd8 29. Ng2 h4 30. Ne3 Re8 31. Re1 Bc7 32. exd5 Bd3 33. Red1 Bf4 34. Rxd3 cxd3 35. Nc4 Ra6 36. dxe6+ Kxe6 37. Rxd3 Kd5 38. Nd2 Bxd2 39. Rxd2 Rae6 40. Kf1 b5 41. Rc2 Rf8 42. Kg2 f5 43. Rd2 f4 44. Kf1 Rfe8 45. Rc2 Kc4 46. Rd2 Rd8 47. d5 Rxd5 48. Bd4 Kb3 49. Kf2 Rd8 50. Kf1 Ka2 51. Rf2 Kb1 52. Rd2 Kc1 53. Rf2 Rd7 54. Rg2 Rde7 55. Rf2 Re1+ 56. Kg2 Rd1 57. Rf1 Rxf1 58. Kxf1 Re6 0-1

[Event "BL2-Sued 1516"]
[Site "Germany"]
[Date "2015.12.13"]
[Round "4.4"]
[White "Balcerak, Jakob"]
[Black "Schwierskott, Marc"]
[Result "1-0"]
[WhiteElo "2445"]
[BlackElo "2135"]
[PlyCount "89"]
[EventDate "2015.09.20"]
[EventType "team-tourn"]
[EventRounds "9"]
[EventCountry "GER"]
[SourceTitle "EXT 2017"]
[Source "ChessBase"]
[SourceDate "2016.10.25"]
[SourceVersion "1"]
[SourceVersionDate "2016.10.25"]
[SourceQuality "1"]
[WhiteTeam "Schott Mainz"]
[BlackTeam "Brombach"]
[WhiteTeamCountry "GER"]
[BlackTeamCountry "GER"]

1. c4 Nf6 2. Nf3 c5 3. Nc3 Nc6 4. d4 cxd4 5. Nxd4 Qb6 6. Nb3 e6 7. a3 d5 8. Be3 Qd8 9. cxd5 exd5 10. g3 Be7 11. Bg2 Be6 12. 0-0 0-0 13. Rc1 Rc8 14. Nb5 b6 15. N3d4 Nxd4 16. Bxd4 Rxc1 17. Qxc1 Qd7 18. Qc7 Qxc7 19. Nxc7 Rc8 20. Nb5 a6 21. Nc3 b5 22. e3 Kf8 23. Rd1 Rd8 24. h3 Ne4 25. g4 Nxc3 26. Bxc3 f6 27. Ba5 Rc8 28. Bxd5 Bxd5 29. Rxd5 Rc2 30. Rd2 Rc6 31. Kg2 Kf7 32. f4 g6 33. Kf3 f5 34. Rd5 Rc2 35. gxf5 Rxb2 36. Rd7 Ke8 37. fxg6 hxg6 38. Ra7 Bxa3 39. Rxa6 Kf7 40. Ra7+ Kg8 41. Bc3 Rb3 42. Bd4 Bf8 43. Kg4 Bh6 44. Ra6 Kh7 45. Ra8 1-0

[Event "BL2-Sued 1516"]
[Site "Germany"]
[Date "2015.09.20"]
[Round "1.3"]
[White "Meskovs, Nikita"]
[Black "Balcerak, Jakob"]
[Result "1-0"]
[WhiteElo "2493"]
[BlackElo "2445"]
[PlyCount "101"]
[EventDate "2015.09.20"]
[EventType "team-tourn"]
[EventRounds "9"]
[EventCountry "GER"]
[SourceTitle "EXT 2017"]
[Source "ChessBase"]
[SourceDate "2016.10.25"]
[SourceVersion "1"]
[SourceVersionDate "2016.10.25"]
[SourceQuality "1"]
[WhiteTeam "Schwegenheim"]
[BlackTeam "Schott Mainz"]
[WhiteTeamCountry "GER"]
[BlackTeamCountry "GER"]

1. c4 Nf6 2. Nc3 e5 3. Nf3 Nc6 4. g3 Nd4 5. Bg2 Nxf3+ 6. Bxf3 Bb4 7. Qb3 Bc5 8. 0-0 0-0 9. Na4 Be7 10. d4 exd4 11. Rd1 c5 12. e3 d5 13. cxd5 Bd7 14. exd4 c4 15. Qc2 b5 16. Nc3 Bd6 17. Bg2 h6 18. Be3 Re8 19. Re1 a6 20. Ne4 Bf5 21. Nxf6+ Qxf6 22. Qd2 Be4 23. Bxe4 Rxe4 24. a4 Qd8 25. Qe2 Re8 26. Qh5 Qc8 27. Qf3 Qd7 28. Rec1 Red8 29. axb5 axb5 30. Bd2 Qb7 31. Ba5 Re8 32. Bd2 Red8 33. Rxa8 Qxa8 34. Re1 Qb7 35. Re4 Bf8 36. d6 g6 37. Qg4 Kh7 38. Qh4 Rxd6 39. Bb4 g5 40. Qg4 Rd8 41. Bxf8 Rxf8 42. Qf5+ Kg7 43. h4 Qc6 44. hxg5 h5 45. Re7 b4 46. Qe5+ Kg8 47. Rc7 Qa6 48. Qe2 Qa1+ 49. Kh2 c3 50. bxc3 b3 51. g6 1-0

[Event "BL2-Sued 1213"]
[Site "Germany"]
[Date "2013.04.14"]
[Round "9.3"]
[White "Balcerak, Jakob"]
[Black "Fuchs, Heinz"]
[Result "1/2-1/2"]
[WhiteElo "2444"]
[BlackElo "2342"]
[PlyCount "91"]
[EventDate "2012.10.14"]
[EventType "team-tourn"]
[EventRounds "9"]
[EventCountry "GER"]
[SourceTitle "CBM 154 Extra"]
[Source "ChessBase"]
[SourceDate "2013.06.25"]
[SourceVersion "2"]
[SourceVersionDate "2013.06.25"]
[SourceQuality "1"]
[WhiteTeam "Schott Mainz"]
[BlackTeam "Untergrombach"]
[WhiteTeamCountry "GER"]
[BlackTeamCountry "GER"]

1. c4 c6 2. d4 d5 3. Nf3 Nf6 4. e3 e6 5. Nc3 Nbd7 6. Qc2 Bd6 7. Be2 dxc4 8. Bxc4 b5 9. Bd3 Bb7 10. 0-0 0-0 11. Ng5 h6 12. Nge4 Be7 13. Nxf6+ Nxf6 14. Ne4 Nxe4 15. Bxe4 Bd6 16. Bd2 Qe7 17. a4 Rfc8 18. Qd3 a6 19. Rfc1 Rab8 20. axb5 cxb5 21. g3 Rxc1+ 22. Rxc1 Rc8 23. Ra1 Qd7 24. Bxb7 Qxb7 25. e4 Rd8 26. Be3 Bb4 27. Rd1 a5 28. d5 exd5 29. exd5 Bd6 30. Qc3 Bb4 31. Qe5 Bd6 32. Qc3 Bb4 33. Qd4 Bd6 34. b3 Rc8 35. Qg4 Kh7 36. Bd4 Bf8 37. d6 Rd8 38. Be5 Qd7 39. Qe4+ Kg8 40. Qd5 a4 41. bxa4 bxa4 42. Qa5 Qe8 43. Rd4 f6 44. Bf4 g5 45. Be3 Bxd6 46. Qxa4 1/2-1/2

[Event "BL2-Sued 1213"]
[Site "Germany"]
[Date "2013.03.17"]
[Round "8.3"]
[White "Beikert, Guenther"]
[Black "Balcerak, Jakob"]
[Result "0-1"]
[WhiteElo "2433"]
[BlackElo "2444"]
[PlyCount "106"]
[EventDate "2012.10.14"]
[EventType "team-tourn"]
[EventRounds "9"]
[EventCountry "GER"]
[SourceTitle "CBM 154 Extra"]
[Source "ChessBase"]
[SourceDate "2013.06.25"]
[SourceVersion "2"]
[SourceVersionDate "2013.06.25"]
[SourceQuality "1"]
[WhiteTeam "Viernheim"]
[BlackTeam "Schott Mainz"]
[WhiteTeamCountry "GER"]
[BlackTeamCountry "GER"]

1. e4 c5 2. Nf3 d6 3. Bc4 Nf6 4. d3 Nc6 5. c3 g6 6. 0-0 Bg7 7. Re1 0-0 8. Bb3 e5 9. h3 h6 10. d4 Qe7 11. dxc5 dxc5 12. Nbd2 Rd8 13. Nh2 Na5 14. Bc2 Be6 15. Qf3 Nh5 16. Ndf1 Nc4 17. Ng4 Nf4 18. Bxf4 exf4 19. Qxf4 Bxg4 20. Qxg4 Nxb2 21. e5 Nd3 22. Bxd3 Rxd3 23. Rad1 Rxd1 24. Qxd1 Rd8 25. Qe2 Qd7 26. Ng3 Qd2 27. Qe4 Qxc3 28. Re3 Qb4 29. Qf3 Re8 30. Qd5 Qb6 31. Rb3 Rxe5 32. Qxb7 Re1+ 33. Nf1 Qe6 34. Re3 Rxe3 35. Nxe3 Qxa2 36. Qc8+ Kh7 37. Qxc5 Qa1+ 38. Kh2 Qe5+ 39. Qxe5 Bxe5+ 40. Kg1 a5 41. Kf1 a4 42. Nd5 a3 43. Nb4 Bd6 44. Na2 Kg7 45. Ke2 Kf6 46. Kd3 Bc5 47. f3 Ke5 48. Nc1 h5 49. Kc4 Kf4 50. Kxc5 Kg3 51. Kb4 Kxg2 52. Kxa3 Kxh3 53. Nd3 Kg3 0-1

[Event "Bad Godesberg op 15th"]
[Site "Bad Godesberg"]
[Date "2011.07.29"]
[Round "7"]
[White "Balcerak, Jakob"]
[Black "Helbig, Mark"]
[Result "1/2-1/2"]
[WhiteElo "2435"]
[BlackElo "2278"]
[PlyCount "28"]
[EventDate "2011.07.23"]
[EventType "swiss"]
[EventRounds "9"]
[EventCountry "GER"]
[SourceTitle "EXT 2017"]
[Source "ChessBase"]
[SourceDate "2016.10.25"]
[SourceVersion "1"]
[SourceVersionDate "2016.10.25"]
[SourceQuality "1"]

1. e4 c6 2. d4 d5 3. e5 Bf5 4. Nd2 e6 5. Nb3 c5 6. dxc5 Bxc5 7. Nxc5 Qa5+ 8. c3 Qxc5 9. Nf3 Ne7 10. Be2 0-0 11. 0-0 Qc7 12. Bf4 Nbc6 13. Re1 Rac8 14. Bd3 Rfd8 1/2-1/2